[Event "ESP-chT CECLUB Div2"]
[Site "Linares"]
[Date "2023.08.15"]
[Round "4.38"]
[White "Iglesias, Jorge"]
[Black "Ruiz Fernandez, Daniel"]
[Result "1/2-1/2"]
[WhiteElo "2266"]
[BlackElo "1963"]
[PlyCount "83"]
[EventDate "2023.08.13"]
[EventType "team-swiss"]
[EventRounds "7"]
[EventCountry "ESP"]
[SourceTitle "EXT 2024"]
[Source "ChessBase"]
[SourceDate "2023.10.10"]
[SourceVersion "1"]
[SourceVersionDate "2023.10.10"]
[SourceQuality "1"]
[WhiteTeam "Platja D'Aro"]
[BlackTeam "MyInvestor Casablanca II"]
[WhiteTeamCountry "ESP"]
[BlackTeamCountry "ESP"]

1. d4 Nf6 2. Nf3 d5 3. g3 c5 4. c4 cxd4 5. Bg2 dxc4 6. Qxd4 Qxd4 7. Nxd4 e5 8. Nb5 Na6 9. Nd2 Bb4 10. 0-0 Bxd2 11. Bxd2 0-0 12. Bc3 Nd7 13. Nd6 Rb8 14. Nxc4 f6 15. Nd6 Ndc5 16. b4 Ne6 17. f4 exf4 18. gxf4 Rd8 19. Rad1 Kf8 20. e4 Bd7 21. e5 Ba4 22. Rc1 Bc6 23. Bh3 Bd5 24. Bxe6 Bxe6 25. b5 Nc5 26. Bd4 b6 27. Bxc5 bxc5 28. Rxc5 Bxa2 29. Ra1 Be6 30. Rxa7 g5 31. Rxh7 gxf4 32. Rh6 Kg7 33. Rxf6 Rxd6 34. Rc7+ Rd7 35. b6 Rxc7 36. bxc7 Rb1+ 37. Kf2 Bc8 38. Rxf4 Rc1 39. Ke3 Rxc7 40. h4 Rf7 41. Rxf7+ Kxf7 42. Kd4 1/2-1/2

[Event "Aragon-chT Preferente Gr II"]
[Site "Aragon"]
[Date "2023.02.11"]
[Round "3.61"]
[White "Muro Guerrero, Miguel"]
[Black "Ruiz Fernandez, Daniel"]
[Result "1-0"]
[WhiteElo "1939"]
[BlackElo "1926"]
[PlyCount "129"]
[EventDate "2023.01.28"]
[EventType "team-tourn"]
[EventRounds "9"]
[EventCountry "ESP"]
[SourceTitle "EXT 2024"]
[Source "ChessBase"]
[SourceDate "2023.10.10"]
[SourceVersion "1"]
[SourceVersionDate "2023.10.10"]
[SourceQuality "1"]
[WhiteTeam "Dr Azua"]
[BlackTeam "Casablanca MyInvestor III"]
[WhiteTeamCountry "ESP"]
[BlackTeamCountry "ESP"]

1. e4 c5 2. Nf3 d6 3. d4 cxd4 4. Nxd4 Nf6 5. Nc3 Nc6 6. Bg5 e6 7. Qd2 a6 8. 0-0-0 Bd7 9. f4 Be7 10. Nf3 b5 11. Bxf6 gxf6 12. f5 Qb6 13. Kb1 0-0-0 14. Bd3 Kb8 15. Ne2 Rc8 16. Nf4 Ne5 17. Qe2 Rc7 18. Rhe1 Rhc8 19. Rd2 Nc4 20. Bxc4 bxc4 21. c3 Rb7 22. Nd4 Qa5 23. fxe6 fxe6 24. Nfxe6 Qxc3 25. Nf4 Qa5 26. Nd5 c3 27. Rc2 Ba4 28. b3 Bd8 29. Rec1 Bb6 30. Nxb6 Rxb6 31. Qd3 Qe5 32. Rxc3 Rxc3 33. Qxc3 Rb7 34. Nc6+ Bxc6 35. Qxe5 fxe5 36. Rxc6 Rg7 37. g3 Kb7 38. Rxd6 Rg4 39. Rd7+ Kc6 40. Rxh7 Rxe4 41. Rh6+ Kb5 42. Kc2 Re2+ 43. Kd3 Rxa2 44. Rh5 Kb4 45. h4 Rg2 46. Rxe5 Rxg3+ 47. Re3 Rg1 48. Re6 Kxb3 49. Rxa6 Rg3+ 50. Ke2 Kc4 51. Kf2 Rg8 52. Rd6 Kc5 53. Rd1 Rg4 54. Rh1 Kd5 55. Kf3 Rg8 56. Re1 Rh8 57. Kg4 Rg8+ 58. Kf5 Rh8 59. Rd1+ Kc6 60. Kg5 Rg8+ 61. Kf6 Rh8 62. Rh1 Kd7 63. h5 Ke8 64. Kg7 Rf8 65. Re1+ 1-0

[Event "Aragon-ch"]
[Site "Zaragoza"]
[Date "2022.08.31"]
[Round "5.4"]
[White "Ruiz Fernandez, Daniel"]
[Black "Galstyan, David"]
[Result "0-1"]
[WhiteElo "1837"]
[BlackElo "2035"]
[PlyCount "96"]
[EventDate "2022.08.27"]
[EventType "swiss"]
[EventRounds "7"]
[EventCountry "ESP"]
[SourceTitle "EXT 2024"]
[Source "ChessBase"]
[SourceDate "2023.10.10"]
[SourceVersion "1"]
[SourceVersionDate "2023.10.10"]
[SourceQuality "1"]

1. Nf3 e6 2. d4 Nf6 3. c4 Bb4+ 4. Bd2 a5 5. g3 0-0 6. Bg2 d6 7. 0-0 Bxd2 8. Qxd2 Nc6 9. Rd1 Qe7 10. Nc3 e5 11. d5 Nb8 12. Qc2 Na6 13. a3 Bd7 14. e4 Nh5 15. Ne1 g6 16. Nd3 f5 17. exf5 Bxf5 18. Qe2 Rae8 19. Ne4 Nf6 20. b4 axb4 21. axb4 Nxe4 22. Bxe4 Bxe4 23. Qxe4 Qf6 24. Kg2 Qf5 25. Qxf5 Rxf5 26. b5 Nc5 27. Nxc5 dxc5 28. Ra7 Rb8 29. Re1 h5 30. f3 Kf7 31. Re4 Kf6 32. Kf2 Ke7 33. Ke3 Kd6 34. h4 g5 35. hxg5 Rxg5 36. Rh4 Rf8 37. Rh3 b6 38. Ra2 Rfg8 39. Rg2 Ra8 40. Rgh2 Ra3+ 41. Ke4 Rc3 42. Rxh5 Rxc4+ 43. Kd3 Rd4+ 44. Ke3 Rxg3 45. Rh6+ Kxd5 46. Rc6 e4 47. Rf2 Rxf3+ 48. Rxf3 Rd3+ 0-1

[Event "Aragon-chT Preferente Gr II"]
[Site "Aragon"]
[Date "2022.02.26"]
[Round "5.53"]
[White "Jario Garcia, Ricardo Javier"]
[Black "Ruiz Fernandez, Daniel"]
[Result "1-0"]
[WhiteElo "2010"]
[BlackElo "1803"]
[PlyCount "119"]
[EventDate "2022.01.29"]
[EventType "team-tourn"]
[EventRounds "9"]
[EventCountry "ESP"]
[SourceTitle "EXT 2024"]
[Source "ChessBase"]
[SourceDate "2023.10.10"]
[SourceVersion "1"]
[SourceVersionDate "2023.10.10"]
[SourceQuality "1"]
[WhiteTeam "Marcos Frechin II"]
[BlackTeam "Casablanca MyInvestor III"]
[WhiteTeamCountry "ESP"]
[BlackTeamCountry "ESP"]

1. e4 c5 2. Nf3 d6 3. g3 Nf6 4. d3 g6 5. Bg2 Bg7 6. 0-0 0-0 7. Qe2 Nc6 8. c3 e5 9. Nbd2 h6 10. Rb1 Be6 11. a3 Qe7 12. b4 cxb4 13. axb4 a6 14. Rd1 d5 15. Nb3 dxe4 16. dxe4 b5 17. Ne1 Bc4 18. Qc2 a5 19. bxa5 Nxa5 20. Nxa5 Rxa5 21. Nd3 Rd8 22. Nb4 Rxd1+ 23. Qxd1 Ra8 24. Rb2 Rd8 25. Rd2 Rxd2 26. Qxd2 Qd7 27. Qxd7 Nxd7 28. Be3 Bf8 29. Bf1 Bxf1 30. Kxf1 Nc5 31. Bxc5 Bxc5 32. Nd5 Bd6 33. Ke2 f5 34. Kd3 Kf7 35. f3 Ke6 36. h3 h5 37. Ne3 Bc5 38. Nd5 Bd6 39. Kc2 g5 40. g4 fxg4 41. fxg4 hxg4 42. hxg4 Kd7 43. c4 bxc4 44. Kc3 Ke6 45. Kxc4 Ba3 46. Kb5 Bc1 47. Kc6 Bd2 48. Nc7+ Kf6 49. Kd7 Kf7 50. Kd6 Bf4 51. Nd5 Bg3 52. Nb6 Kf6 53. Nd7+ Kf7 54. Kd5 Ke7 55. Nxe5 Kf6 56. Nc6 Bf4 57. e5+ Kf7 58. Kd6 Ke8 59. Ke6 Bc1 60. Nd4 1-0